000 01095nam0a2200313 4500
001 RU\NLR\bibl\1493592
005 20250616013604.0
021 _aRU
_b2010-9597
_9632
035 _a(nilc)RSL-KNO-004580906
035 _a(NLR Aleph) 001485129
090 _a1728241
_c1728241
100 _a20100212d2009 |||y0rusy50 ca
101 0 _arus
102 _aRU
105 _ay |||||||||
200 1 _aСок Рубина
_eстихи
_fДмитрий Подгорнов
210 _aМосква
_cиздание Московского городского общества охотников и рыболовов
_d2009
215 _a65 с.
_d20
327 1 _aСодерж.: циклы: Акация; Ormutura; Иссоп; Сок Рубина; Celesta
686 _aШ5(2=Р)7-65я44
_2rubbk
686 _aШ6(2=Р)8-5
700 1 _aПодгорнов
_bД. Л.
_f1966-
_gДмитрий Львович
_4070
801 0 _aRU
_bРГБ
_c20100212
_grcr
801 1 _aRU
_bРГБ
_c20100212
801 2 _aRU
_bNLR
_c20100402
_grcr
942 _cBOOK
980 _aNB